000 00804cam a2200217 4500
001 ABS60765
008 000000n1999 000 0 eng u
035 _a(Sirsi) u101262
100 _aCatalano, A.
245 _aSpecial report: finance.
260 _c1999
490 _aEstates Gazette
_v(9925) 26 June 1999, 53-71(10)
520 _aA special report on finance focusing on lending to commercial property. profiles companies such as Morgan Stanley, German banks such as HVB Real Estate Capital and Helaba, and looks at lending by high street banks and building societies.
650 _aBANK LENDING
650 _aBUILDING SOCIETIES
650 _aDEVELOPMENT
650 _aPROPERTY-COMMERCIAL PROPERTY
650 _aBANKS
690 _aPROPERTY-PROPERTY FINANCE AND INVESTMENT
942 _n0
999 _c60415
_d60415